000 00588nam a2200229 a 4500
001 nice12345678
003 IN_TiNIC
005 20260116011326.0
008 050524s1882 bera grc 000 0 14g
020 _a
_c0
082 0 0 _a297.63
_bWEL
100 _aWellhausen, J
245 _aMuhammad Im Madina
260 _aBerlin
_bDruck Und Verlag Von George Reimer
_c1882
500 _aincludes index and biblioraphy
505 2 _aKitab al Maghazi by Vakidi Translations
650 _aMuhammad, Prophet
700 1 _aWellhausen, J
902 _bSRS
942 _cPC
999 _c536
_d536